00771nam a2200229 i 4500003000900000005001700009007000300026008004100029020001800070040003000088082002400118100004000142245006400182264004600246300002700292336002700319337003300346338002800379500007100407650003000478650003300508DO-SdBNP20260304094324.0ta241004b2016 dr ||||| |||| 00| 0 spa d a9789945905021 aDO-SdBNPbspacBNPHUerda 4aRD863.44bP379L2221 aPeix, Pedrod1952-2015eautor4aut.13aLas locas de la plaza de los almendros 1978 /cPedro Peix. 4aSanto Domingo :bEditora Corripio,c2016. a87 páginas ;c21 cm. atextobtxt2rdacontent asin mediaciónbn2rdamedia avolumenbnc2rdacarrier aIncluye datos biográficos del autor en la solapa de la cubierta. 4aCuentos dominicanos2LEMB 4aLiteratura dominicana.2LEMB